000 00342nam a22001457a 4500
003 OSt
005 20160727222340.0
008 160618b xxu||||| |||| 00| 0 eng d
040 _cTEST
100 _955
_aTompert, A
245 _aA.How For Charlie
_bA.How For Charlie
260 _aWestern
_cMCMLXX
300 _aA.How For Charlie
942 _2ddc
_cBK
999 _c46
_d46